|
|
|
|
| LEADER |
00000nab a2200000 4500 |
| 001 |
vtls012085013 |
| 003 |
SK-MaSNL |
| 005 |
20260304013306.0 |
| 008 |
220127|2021 xo qr p | |000 ||slo |
| 040 |
|
|
|a SVKBB
|b slo
|d SVKBB
|e rda
|
| 041 |
0 |
|
|a slo
|
| 043 |
|
|
|a e-xo---
|
| 044 |
|
|
|a xo
|c SK
|
| 072 |
|
7 |
|a 821.162.4-1
|x Slovenská poézia
|2 konspekt
|
| 080 |
|
|
|a 398.332.416
|2 2011
|
| 080 |
|
|
|a (046)
|2 2011
|
| 080 |
|
|
|a 821.162.4-1
|2 2011
|
| 080 |
|
|
|a 7.04:82
|2 2001
|
| 100 |
1 |
|
|a Čupková, Vlasta
|4 aut
|9 562440
|
| 245 |
1 |
0 |
|a Vianočný čas
|c Vlasta Čupková
|
| 300 |
|
|
|b Fotografie
|
| 336 |
|
|
|a text
|b txt
|2 rdacontent
|
| 337 |
|
|
|a bez média
|b n
|2 rdamedia
|
| 338 |
|
|
|a zväzok
|b nc
|2 rdacarrier
|
| 650 |
0 |
7 |
|a Vianoce
|2 SNKPH
|9 3412
|
| 650 |
0 |
7 |
|a literárne motívy
|2 SNKPH
|9 2887
|
| 650 |
0 |
7 |
|a Christmas
|2 SNKPHeng
|9 304887
|
| 650 |
0 |
7 |
|a literárne motívy
|2 SNKPHeng
|9 2887
|
| 655 |
|
7 |
|a články
|2 SNKPH
|9 70601
|
| 655 |
|
7 |
|a Journal articles
|2 SNKPHeng
|9 279737
|
| 655 |
|
7 |
|a slovenská poézia
|2 SNKPH
|9 70444
|
| 655 |
|
7 |
|a Slovak poetry
|2 SNKPHeng
|9 265010
|
| 773 |
0 |
|
|t Bystrický Permon
|g Roč. XIX, č. 4 (2021), s. 1
|x 2585-9420
|
| 852 |
|
|
|a Štátna vedecká knižnica v Banskej Bystrici
|
| 958 |
|
|
|a NB
|
| 958 |
|
|
|a PM
|
| 958 |
|
|
|a BX
|
| 999 |
|
|
|c 2575190
|d 2577120
|